Mme de Staël / (Record no. 165565)

MARC details
000 -LEADER
campo de control de longitud fija 00985nam a22002895i 4500
001 - NÚMERO DE CONTROL
campo de control 165565
003 - IDENTIFICADOR DE NÚMERO DE CONTROL
campo de control ES-MaACL
005 - FECHA Y HORA DE LA ÚLTIMA TRANSACCIÓN
campo de control 20260505171005.0
008 - DATOS DE LONGITUD FIJA--INFORMACIÓN GENERAL
campo de control de longitud fija 920714s1890 fr c |||| |bfre d
040 ## - FUENTE DE CATALOGACIÓN
Centro catalogador/agencia de origen CAT
Lengua de catalogación spa
Centro/agencia transcriptor CAT
Centro/agencia modificador CCPB
043 ## - CÓDIGO DE ÁREA GEOGRÁFICA
Código de área geográfica e-fr
080 #4 - NÚMERO DE LA CLASIFICACIÓN DECIMAL UNIVERSAL
Número de la Clasificación Decimal Universal 929
100 ## - ENTRADA PRINCIPAL--NOMBRE DE PERSONA
Nombre de persona Sorel, Albert,
Fechas asociadas al nombre 1842-1906
9 (RLIN) 188555
245 10 - MENCIÓN DEL TÍTULO
Título Mme de Staël /
Mención de responsabilidad, etc. par Albert Sorel.
260 ## - PUBLICACIÓN, DISTRIBUCIÓN, ETC.
Lugar de publicación, distribución, etc. Paris :
Nombre del editor, distribuidor, etc. Librairie Hachette et Cie,
Fecha de publicación, distribución, etc. 1890.
300 ## - DESCRIPCIÓN FÍSICA
Extensión 216 p., [1] h. de lám. ;
Dimensiones 18 cm.
490 1# - MENCIÓN DE SERIE
Mención de serie Les Grands écrivains français
597 #1 - NOTA DE DESCRIPCIÓN FÍSICA
NOTA DE DESCRIPCIÓN FÍSICA Retrato (reproducción de grabado)
597 #1 - NOTA DE DESCRIPCIÓN FÍSICA
NOTA DE DESCRIPCIÓN FÍSICA Con 8 p. de propaganda editorial.
600 17 - PUNTO DE ACCESO ADICIONAL DE MATERIA--NOMBRE DE PERSONA
Nombre de persona Staël-Holstein, Germaine de,
Fechas asociadas al nombre 1766-1817-
Subdivisión general Biografías
9 (RLIN) 132890
650 #4 - PUNTO DE ACCESO ADICIONAL DE MATERIA--TÉRMINO DE MATERIA
Término de materia o nombre geográfico como elemento de entrada Escritores franceses-
Subdivisión general Biografías.
9 (RLIN) 12393
700 1# - ENTRADA AGREGADA--NOMBRE PERSONAL
Nombre de persona Hachette, Jean-Georges, et Cie.
9 (RLIN) 127748
752 ## - ENTRADA AGREGADA--NOMBRE JERÁRQUICO DEL LUGAR
País o entidad superior Francia -
Ciudad París
830 0# - PUNTO DE ACCESO ADICIONAL DE SERIE-TÍTULO UNIFORME
Título uniforme Les Grands écrivains français
9 (RLIN) 182230
852 ## - LOCALIZACIÓN
Ubicación ES-MaACL
Número de control de estantería B-3193
Nota libre -- Enc. pasta
Holdings
Estatus retirado Estado de pérdida Estado de daño No para préstamo Colección Biblioteca de origen Biblioteca actual Ubicación en estantería Fecha de adquisición Fuente de adquisición Total de préstamos Signatura topográfica completa Código de barras Visto por última vez Precio de reemplazo Tipo de ítem Koha
        Libros del s. XIX Biblioteca del Ateneo de Madrid Biblioteca del Ateneo de Madrid Sala Pardo Bazán 17/01/2008     B-3193 1173629 23/02/2023 23/02/2023 Libro impreso antiguo